|
|
|
|
| LEADER |
00000nam0a2200000 4500 |
| 001 |
250935 |
| 005 |
20231101232617.0 |
| 035 |
|
|
|a (RuTPU)RU\TPU\book\273175
|
| 090 |
|
|
|a 250935
|
| 100 |
|
|
|a 20140218d2013 m y0rusy50 ca
|
| 101 |
0 |
|
|a rus
|
| 102 |
|
|
|a RU
|
| 105 |
|
|
|a ac z 000zd
|
| 200 |
1 |
|
|a Мы сражались за ваше будущее
|f Ф. Т. Бондаренко
|
| 210 |
|
|
|a Томск
|d 2013
|
| 215 |
|
|
|a 72 с.
|c ил.
|
| 316 |
|
|
|5 63413507: 14-305
|a С автографом автора. На обороте обложки дарственная надпись: "В библиотеку ТПУ от автора: Ф. Бондаренко 12.12.2013 г."
|
| 600 |
|
1 |
|a Бондаренко
|b Ф. Т.
|c томский общественный деятель
|c ветеран Великой Отечественной войны
|f 1926-
|g Федор Тимофеевич
|2 stltpush
|3 (RuTPU)RU\TPU\pers\46745
|
| 606 |
1 |
|
|a Великая Отечественная война 1941-1945
|x Персоналии
|2 stltpush
|3 (RuTPU)RU\TPU\subj\66793
|9 82827
|
| 610 |
1 |
|
|a ветераны
|
| 610 |
1 |
|
|a автобиографическая проза
|
| 610 |
1 |
|
|a военные действия
|
| 610 |
1 |
|
|a мемуары
|
| 610 |
1 |
|
|a Томская область
|
| 610 |
1 |
|
|a выпускники ТПИ
|
| 610 |
1 |
|
|a Коллекция История ТПУ
|
| 610 |
1 |
|
|a дары автора
|
| 610 |
1 |
|
|a дары библиотеке
|
| 610 |
1 |
|
|a дарственные надписи
|
| 686 |
|
|
|a Т3(2)622,88
|v LBC/SL-A
|2 rubbk
|
| 700 |
|
1 |
|a Бондаренко
|b Ф. Т.
|c томский общественный деятель
|c ветеран Великой Отечественной войны
|f 1926-
|g Федор Тимофеевич
|2 stltpush
|3 (RuTPU)RU\TPU\pers\46745
|
| 801 |
|
1 |
|a RU
|b 63413507
|c 20140218
|
| 801 |
|
2 |
|a RU
|b 63413507
|c 20210204
|g RCR
|
| 942 |
|
|
|c BK
|